Vincitori Serie B - Morte Improvvisa - Statistics

Statistiche generali
  • Questo quiz è stato fatto 1.206 volte
  • Il punteggio medio è 8 su 52
Answers on the Grid
Answers color-coded by a green-red scale on the quiz's grid according to % correct below.
Acireale
Akragas
Albinoleffe
Alessandria
Ancona
Arezzo
Ascoli
Atalanta
Avellino
Bari
Barletta
Benevento
Biellese
Bologna
Brescia
Brindisi
Cagliari
Campobasso
Carpi
Carrarese
Casale
Casertana
Catania
Catanzaro
Cesena
Chievo Verona
Cittadella
Como
Cosenza
Cremonese
Crotone
Empoli
FeralpiSalò
Fermana
Fiorentina
Foggia
Forlì
Frosinone
Genoa
Grosseto
Gubbio
Hellas Verona
Inter
Juve Stabia
Juventus
L'Aquila
Latina
Lazio
Lecce
Lecco
Legnano
Livorno
Lucchese
Lumezzane
Mantova
Matera
Messina
Milan
Modena
Monza
Napoli
Novara
Novese
Olbia
Padova
Palermo
Parma
Pavia
Perugia
Pescara
Piacenza
Pisa
Pistoiese
Pordenone
Portogruaro
Potenza
Prato
Pro Patria
Pro Sesto
Pro Vercelli
Ravenna
Reggiana
Reggina
Rimini
Roma
Salernitana
Sambenedettese
Sampdoria
Sampierdarenese
Sassuolo
Savoia
Savona
Siena
Siracusa
Sorrento
Spal
Spezia
Sudtirol
Taranto
Ternana
Torino
Trapani
Trento
Treviso
Triestina
Udinese
Varese
Venezia
Viareggio
Vibonese
Vicenza
Virtus Bassano
Virtus Entella
 
Statistiche sulle risposte
Risposta % Corretto
Juventus
45%
Milan
36%
Hellas Verona
29%
Cagliari
28%
Palermo
28%
Genoa
27%
Roma
27%
Sassuolo
27%
Atalanta
26%
Bari
25%
Fiorentina
25%
Lazio
25%
Napoli
25%
Brescia
24%
Parma
24%
Bologna
23%
Empoli
21%
Lecce
21%
Venezia
21%
Chievo Verona
19%
Torino
19%
Frosinone
18%
Pescara
18%
Pisa
17%
Livorno
16%
Salernitana
16%
Sampdoria
16%
Udinese
16%
Spal
15%
Catania
14%
Como
14%
Benevento
12%
Carpi
10%
Perugia
10%
Ascoli
9%
Vicenza
9%
Padova
8%
Foggia
7%
Siena
7%
Modena
6%
Novara
6%
Ternana
6%
Messina
5%
Piacenza
5%
Reggiana
5%
Mantova
4%
Triestina
4%
Pro Patria
3%
Varese
3%
Lucchese
2%
Casale
1%
Sampierdarenese
1%
Nessun quiz corrispondente trovato
Distribuzione punteggi
Percentuale di utenti per punteggio
Percentile per numero di risposta
I tuoi punteggi nel tempo
Non hai fatto questo quiz